000 00965nam a22003377a 4500
001 98
003 FISKH
005 20260325105001.0
008 230223b cb ||||| |||| 00| 0 eng d
010 _a 84018137
020 _a0140505067 (pbk.)
020 _a9780688104818
040 _aDLC
_cDLC
_dDLC
042 _alcac
050 0 0 _aPZ7.C8682
_bTr 1985
082 0 0 _a813.5
_219
100 1 _aCrews, Donald.
245 1 0 _aTruck /
_cDonald Crews.
260 _aNew York
_bScholastic
_c1980
300 _a16 leaves of plates
_ball ill. ;
_c21 cm.
490 0 _aPicture puffins
500 _a"A Caldecott honor book."--P. 2 of cover.
505 _aA
520 _aFollows the journey of a truck from loading to unloading. Almost entirely pictorial.
521 8 _a10
_bLexile
521 8 _aA
_bRaz-Plus
650 1 _aTrucks
_xFiction.
650 1 _aStories without words.
906 _a7
_bcbc
_corignew
_d1
_eocip
_f19
_gy-gencatlg
942 _2ddc
_cBK
_n0
999 _c98
_d98